LIBRARY & INFORMATION CENTRE, KCAET, TAVANUR

ONLINE PUBLIC ACCESS CATALOGUE (OPAC)

Good companions / (Record no. 5072)

MARC details
000 -LEADER
fixed length control field 00364cam a2200145ua 4500
041 ## - LANGUAGE CODE
Language code of text/sound track or separate title eng
082 ## - DEWEY DECIMAL CLASSIFICATION NUMBER
Classification number 823.308
Item number PRI/GO
100 ## - MAIN ENTRY--AUTHOR NAME
Personal name Priestly, J B.
245 ## - TITLE STATEMENT
Title Good companions /
260 ## - PUBLICATION, DISTRIBUTION, ETC. (IMPRINT)
Place of publication London :
Name of publisher Heinemann Educational Books Ltd. ,
Year of publication 1962.
300 ## - PHYSICAL DESCRIPTION
Number of Pages 604 ; .
942 ## - ADDED ENTRY ELEMENTS (KOHA)
Koha item type Books
Holdings
Withdrawn status Lost status Damaged status Home library Current library Date acquired Full call number Accession Number Koha item type
Withdrawn     KAUAET Sanskrit University 07/04/2012 823.308 4580 Books
free website counter